00822nam a2200265Ia 4500001000600000003000900006008004100015040001300056040001300069041001300082100002200095100002900117245001700146245001700163250001100180260001000191260003400201260004900235300004300284500014200327650001600469650003100485700001100516700002900527 9125IT-RoPAU130308s9999 xx 000 0 und d aIT-RoPAU cIT-RoPAU aFRANCESE aFrancois Frederic gCodice Aut. SPICS: 6466 aLinguistique bLinguistique a1a ed. aPARIS bPresses Universitaires France c1980 [1° Ed.:1980 - Ed.Ling.Originale:1980] a"560 p. (prefazione: no ; testo: 560)" aLinguistica Principi Generali del Linguaggio e I livelli di Analisi Diversità Linguistica e le Lingue Applicazioni Saggi di Autori Vari aLINGUISTICA eCodice materia Spics: 3201 aAA.VV. gCodice Aut. SPICS: 12000